Bibliografia prac Zespołu do Badań Pradziejowego Górnictwa Krzemienia Państwowego Muzeum Archeologicznego w Warszawie za lata 1985-2006

Titel: Bibliografia prac Zespołu do Badań Pradziejowego Górnictwa Krzemienia Państwowego Muzeum Archeologicznego w Warszawie za lata 1985-2006
Verfasser:
Beteiligt:
In: Wiadomości archeologiczne, Band 59 (2007), Seite 3-15
alle Artikel anzeigen
Veröffentlicht: 2007
Format: Aufsatz
Sprache: Polnisch
Kein Bild verfügbar
X
alg: 39429998
001A    $01999:12-11-16 
001B    $01999:01-06-17 $t17:40:57.000 
001C    $06050:19-11-16 $t08:47:28.000 
001D    $01999:12-11-16 
001U    $0utf8 
001X    $00 
002@    $0Aox 
003@    $0394299981 
007A    $0394299981 $aHEB 
007T    $0Herdkk00010050 
010@    $apol 
011@    $a2007 
021A    $aBibliografia prac Zespołu do Badań Pradziejowego Górnictwa Krzemienia Państwowego Muzeum Archeologicznego w Warszawie za lata 1985-2006 
028A    $aSałacińska $dBarbara 
028B/01 $aSałaciński $dSławomir 
031A    $d59 $h3-15 $j2007 
037A    $aengl. Res. 
039B    $aIn $8--Abvc--. Wiadomości archeologiczne. - Warszawa : [Verlag nicht ermittelbar], 1873-. - ISSN 0043-5082 $x200700000590000997 $9047268050 
045T    $a7,41 

lok: 39429998 78

exp: 39429998 78 1 #EPN
201B/01 $008-11-17 $t21:45:52.000 
201U/01 $0utf8 
203@/01 $0790410508 
208@/01 $a12-11-16 $be 
209A/01 $a/ $f000 $x00 
220C/01 $aTitelaufnehmer: pbb 
220C/01 $aHerkunft: PBB/IH PAN 
244Z/01 $2Trx $#Poola $#Lenkija $#Polija $#Polen Land $#Poland $#Lengyelország $#Poľsko $#Polsko $8--Trx--Polska$gkraj $x01 $9391345966 
244Z/01 $#Warschau $#Warszawa $#Warszowa $#Varšava $#Varsovia $#Varsavia $#Varšavaq $#Varsó $#Miasto Stołeczne Warszawa $#Varsovie $#Warsaw $#Varšava $#Varšuva $#Varssavi $74079048-4 $8--Tg1--Warschau $x02 $9085224332 
244Z/01 $2Trx $8--Trx--Zeitschriftenaufsatz $x03 $9391384341 
245Z/01 $a01.01 $x01 
247C/01 $82080>Marburg/Lahn, Herder-Institut, Forschungsbibliothek, Bibliographieportal $9336309341
LEADER 00000caa a22000002c 4500
001 394299981
003 DE-603
005 20170601174057.0
007 tu
008 161112s2007 xx |||| | u00||u|pol c
035 |a (DE-599)HEB394299981 
040 |a DE-603  |b ger  |c DE-603  |d DE-603 
041 |a pol 
084 |a 7,41  |2 ssgn 
100 1 |a Sałacińska, Barbara 
245 0 0 |a Bibliografia prac Zespołu do Badań Pradziejowego Górnictwa Krzemienia Państwowego Muzeum Archeologicznego w Warszawie za lata 1985-2006 
264 0 |c 2007 
500 |a engl. Res. 
700 1 |a Sałaciński, Sławomir 
773 0 8 |i In  |t Wiadomości archeologiczne  |d Warszawa : [Verlag nicht ermittelbar], 1873-  |x 0043-5082  |g Band 59 (2007), Seite 3-15  |w (DE-603)047268050  |w (DE-600)202757-4 
924 0 |9 2080  |a (DE-603)790410508  |b DE-2080  |c HES  |d d  |g /